00650nam a22002177a 450000500170000001000220001702000260003903500180006503500160008303500140009903500130011303700170012603700130014308200100015610000270016624501130019326000400030627000560034630000240040270000060042620180420150328.0 a1617EN ENG-117133 a9788131608142c795.00 aB-648053-8059 aB-691497-98 aEN-100665 aB-664868 bMallikaadpl bDBAD/PUB a880.9 aRiemenscheider, Dieter aEssays on Indian writing in english: c by Dieter Riemenscheiderbtwice-born or cosmopolitan literature? / aNew DelhibRawat Publicationsc2016 a4858/24, Ansari Road, Daryaganj bNew Delhie110002 axv,199p. c24cm(hb) a